Early history of the Deccan / (Record no. 23287)
[ view plain ]
| 000 -LEADER | |
|---|---|
| fixed length control field | 00229nam a2200097Ia 4500 |
| 100 ## - MAIN ENTRY--AUTHOR NAME | |
| Personal name | Yazdani, G |
| 245 ## - TITLE STATEMENT | |
| Title | Early history of the Deccan / |
| Statement of responsibility, etc | by G Yazdani |
| 260 ## - PUBLICATION, DISTRIBUTION, ETC. (IMPRINT) | |
| Year of publication | 1960. |
| Place of publication | New York : |
| Name of publisher | Oxford, |
| 300 ## - PHYSICAL DESCRIPTION | |
| Number of Pages | 855p. : |
| 942 ## - ADDED ENTRY ELEMENTS (KOHA) | |
| Koha item type | General |
| Withdrawn status | Lost status | Damaged status | Not for loan | Collection code | Home Library | Current Location | Date acquired | Full call number | Accession Number | Price effective from | Koha item type |
|---|---|---|---|---|---|---|---|---|---|---|---|
| Withdrawn | Dept. of Political Science | Dept. of Political Science | 18/11/2022 | 934 YAZ.E | POL3827 | 13/05/2022 | General | ||||
| Dept. of Political Science | Dept. of Political Science | 13/05/2022 | 934 YAZ.E;1 | POL3826 | 13/05/2022 | General | |||||
| LC1 Live Collection Groud Floor | Kerala University Library | Kerala University Library | 12/08/2017 | V21:1.G K0.1-K0.2 | 74398 | 12/08/2017 | General | ||||
| LC1 Live Collection Groud Floor | Kerala University Library | Kerala University Library | 12/08/2017 | V21:1.G K0.1-K0.2 | 74399 | 12/08/2017 | General |
